Πληροφορική Α' Γυμνασίου

Αποθηκεύτηκε σε:
Λεπτομέρειες βιβλιογραφικής εγγραφής
Κύριος συγγραφέας: Κονιδάρη, Ελένη
Άλλοι συγγραφείς: Γεωργιάδης, Παναγιώτης Ν. (Επιμελητής έκδοσης)
Μορφή: Βιβλίο
Γλώσσα:Greek
Δημοσίευση: Αθήνα : Δίαυλος, 1996
Θέματα:
Ετικέτες: Προσθήκη ετικέτας
Δεν υπάρχουν, Καταχωρήστε ετικέτα πρώτοι!

MARC

LEADER 00000nam a2200000 i 4500
001 1/65986
008 990114s1996 gre d
020 |a 960-531-003-1 
035 |l 10047229 
040 |a GR-MY-UA  |b gre  |e aacr 
041 0 |a gre 
082 0 |a 004 
100 1 |a Κονιδάρη, Ελένη. 
245 1 0 |a Πληροφορική Α' Γυμνασίου /  |c Ελένη Κονιδάρη ; επιμέλεια: Παναγιώτης Γεωργιάδης 
260 |a Αθήνα :   |b Δίαυλος,   |c 1996 
300 |a 148 σ. 
650 0 0 |a Computers  |x Study and teaching. 
700 1 |a Γεωργιάδης, Παναγιώτης Ν.  |4 edt 
852 |a INST  |b RHODES  |e 19990114  |h 004 ΚΟΝ  |p 005400005827  |q 005400005827  |t BK  |y 0 
901 |a BIBL-1999-1 
909 |a Ρ  |b 053626  |c 1998 
922 |a 4ΕΛΗ  |b 199802  |c ΚΠΣ/ΔΕ  |d EMVASIS 
970 |z 2000/06/ΚΑΤΕΡΙΝΑ